[Event "Biel GM 2018"]
[Site "Biel"]
[Date "2018.07.22"]
[Round "1"]
[White "Carlsen,M"]
[Black "Navara,D"]
[Result "1-0"]
[WhiteElo "2842"]
[BlackElo "2741"]
[EventDate "2018.07.22"]

1. d4 Nf6 2. Nf3 d5 3. c4 e6 4. Bg5 Bb4+ 5. Nc3 h6 6. Bxf6 Qxf6 7. e3 O-O
8. Rc1 dxc4 9. Bxc4 c5 10. dxc5 Nd7 11. O-O Nxc5 12. Nb5 a6 13. Nbd4 b5 14.
Be2 e5 15. Nc2 Rd8 16. Nxb4 Rxd1 17. Rfxd1 a5 18. Nd5 Qd6 19. Nxe5 Bb7 20.
Bf3 Rc8 21. Ng4 Qf8 22. h4 Nd7 23. Rxc8 Bxc8 24. a3 h5 25. Nh2 g6 26. Be2
Ne5 27. Bxb5 Bb7 28. Nc3 Qe7 29. Rd4 Qe6 30. Nf1 Qb3 31. Rd2 Nc4 32. Rd7
Nxb2 33. Rxb7 Qxc3 34. Be8 Kf8 35. Bxf7 Qc6 36. Rxb2 Kxf7 37. Rd2 Qa4 38.
Rd3 Qxh4 39. Rd7+ Kg8 40. Rd4 Qe7 41. a4 Qa3 42. g3 Qa1 43. Kg2 g5 44. Nd2
g4 45. Ne4 Qc1 46. Nf6+ Kf7 47. Nxh5 Qc6+ 48. Kg1 Qc1+ 49. Kh2 Kg6 50. Nf4+
Kf6 51. Ng2 Kg5 52. Rf4 Qd1 53. Nh4 Qc2 54. Nf5 Qd3 55. e4 Qd7 56. e5 Qh7+
57. Kg1 Qg6 58. Nd6 Qe6 59. Rf5+ Qxf5 60. Nxf5 Kxf5 61. f4 gxf3 62. Kf2
Kxe5 63. Kxf3 Kf5 64. Ke3 1-0

[Event " Biel GM 2018"]
[Site "Biel"]
[Date "2018.08.01"]
[Round "10"]
[White "Carlsen,M"]
[Black "Georgiadis,N"]
[Result "1-0"]
[WhiteElo "2842"]
[BlackElo "2526"]
[EventDate "2018.07.22"]

1. e4 c5 2. Na3 g6 3. Nf3 Bg7 4. c3 d5 5. exd5 Qxd5 6. Bc4 Qe4+ 7. Kf1 Be6
8. Qa4+ Nd7 9. d4 Ngf6 10. Bg5 Bxc4+ 11. Qxc4 Qd5 12. Re1 e6 13. Bxf6 Nxf6
14. Qb5+ Nd7 15. Ne5 a6 16. Qc4 Nxe5 17. dxe5 Rd8 18. Qxd5 Rxd5 19. f4 g5
20. fxg5 Ke7 21. h4 Rxe5 22. Rxe5 Bxe5 23. Ke2 b5 24. Nc2 Rd8 25. Ne1 c4
26. Nf3 Bg7 27. Nd2 h6 28. Ne4 hxg5 29. hxg5 Rd5 30. a3 a5 31. Re1 Be5 32.
g3 Kf8 33. Kf3 Kg7 34. Kg4 Kg6 35. Rf1 Rd3 36. Rf3 Rd1 37. Rf2 Rd5 38. Nd2
Bc7 39. Nf3 Bd8 40. Nh4+ Kg7 41. Nf3 Bb6 42. Re2 Bc7 43. Re4 Bd6 44. Rd4
Rxd4+ 45. Nxd4 b4 46. a4 b3 47. Nf3 1-0